[Event "SLO-ch U14"]
[Site "Murska Sobota"]
[Date "2007.02.25"]
[Round "1"]
[White "Skaza, Niko"]
[Black "Tomazini, Zan"]
[Result "0-1"]
[WhiteElo "1500"]
[BlackElo "1936"]
[PlyCount "80"]
[EventDate "2007.02.25"]
[EventType "swiss"]
[EventRounds "9"]
[EventCountry "SLO"]
[SourceTitle "CBM 117 Extra"]
[Source "ChessBase"]
[SourceDate "2007.05.09"]
[SourceVersion "1"]
[SourceVersionDate "2007.05.09"]
[SourceQuality "1"]

1. e4 d5 2. exd5 Qxd5 3. Nc3 Qa5 4. d4 Nf6 5. Bd2 Bf5 6. Nf3 c6 7. Ne4 Qc7 8. Nxf6+ gxf6 9. Be2 Nd7 10. c4 Rg8 11. g3 e5 12. dxe5 fxe5 13. Bc3 0-0-0 14. Qb3 Bh6 15. 0-0 f6 16. Rfd1 Kb8 17. a4 Nc5 18. Qb4 Ne4 19. c5 Bf8 20. Qb3 Bxc5 21. Be1 Qg7 22. Nh4 Rxd1 23. Rxd1 Bg4 24. Bxg4 Qxg4 25. Kf1 Rc8 26. Rc1 Bd4 27. Kg2 Nc5 28. Qf7 Qe4+ 29. Kf1 Nd3 30. Rd1 Nxb2 31. Rd2 Nd3 32. Rd1 Nxe1 33. Rxe1 Qd3+ 34. Kg2 Bc3 35. Re3 Qd5+ 36. Qxd5 cxd5 37. Nf5 d4 38. Re2 d3 39. Re3 Rd8 40. Kf1 d2 0-1